Tverdoteľnaja elektronika /

Na minha lista:
Detalhes bibliográficos
Main Authors: Jepifanov, G.I (Author), Moma, Ju.A (Author)
Formato: Livro
Idioma:russo
Publicado em: Moskva : Vyšča škola, 1986
Assuntos:
Tags: Adicionar Tag
Sem tags, seja o primeiro a adicionar uma tag!

MARC

LEADER 00000nam a22000003a 4500
001 stu37420
005 20150617225724.1
008 920713s1986----xxr-----------------rus-d
040 |a STU  |b slo 
041 0 |a rus 
044 |a xxr 
080 |a 621.38 
080 |a 538.9  |7 stu_us_auth*stu7967 
100 1 |a Jepifanov, G.I  |4 aut 
245 1 |a Tverdoteľnaja elektronika /  |c [aut.]G.I. Jepifanov, Ju.A. Moma 
260 |a Moskva :  |b Vyšča škola,  |c 1986 
300 |a 303 s 
650 7 |a Elektronika tuhej fázy  |2 stusub 
700 1 |a Moma, Ju.A  |4 aut 
996 |b 284M047697  |c M*603-1  |l MMKN  |s A  |a 24  |w stu37420_0001